El amor al arte: los museos europeos y su público

Gespeichert in:
Bibliographische Detailangaben
1. Verfasser: Bourdieu, Pierre
Weitere Verfasser: Darbel, Alain
Format: Buch
Sprache:Spanisch
Veröffentlicht: Barcelona, España Paidós 2003
Schriftenreihe:Paidós Estética. 33
Schlagworte:
Tags: Tag hinzufügen
Keine Tags, Fügen Sie den ersten Tag hinzu!

MARC

LEADER 00000nam a2200000 a 4500
001 UCL5973
003 CL-VaPUC
005 20240125113209.0
008 040326e20030000SP |||||||||||||||||spa|d
999 |c 308287  |d 308285 
020 |a 8449314852 
040 |c Pontificia Universidad Católica de Valparaíso 
082 0 4 |a 701.1 BOU 2003  |2 21 
100 0 |a Bourdieu, Pierre  |9 308635 
245 1 3 |a El amor al arte: los museos europeos y su público 
260 0 3 |a Barcelona, España  |b Paidós  |c 2003 
300 |a 268 páginas 
490 0 |a Paidós Estética.  |v 33 
583 |a last modification  |c 20040326 00:00:00  |k Rodrigo Vera 
650 0 |a Filosofía del arte  |9 264951 
650 0 |a Museos  |9 269209 
650 0 |a Antropología cultural y social   |9 265143 
650 0 |a Estética   |9 264950 
700 0 |a Darbel, Alain  |9 483687 
942 |c BK  |2 ddc 
945 |d 20040326 00:00:00  |a cmena 
952 |0 0  |1 0  |2 ddc  |4 0  |6 701_100000000000000_BOU_2003  |7 0  |8 A  |9 374648  |a BIBARQ  |b BIBARQ  |d 2019-11-21  |i 3998304  |o 701.1 BOU 2003  |p 3998304  |r 2025-01-20  |t 1  |w 2019-11-21  |y BK  |k ARQ